000 00452nam a2200181Ia 4500
001 13815
005 20260306164828.0
008 260306t2013||||xx |||||||||||||| ||spa||
041 _aESP
082 _a005.3
_bS72
100 _aSouto Iglesias, Antonio...[et. al.]
_eAUT
245 0 _aCurso básico de progrmación en matlab
260 _c2013
300 _a230 páginas :
_c29 cm.
650 _aGEN
654 _aCCC
942 _cLIB
_dJUS
_fJUS
_2ddc
_n
999 _c13815
_d13815